Suomessa havaitut nisäkäslajit - Statistics

Yleistilastot
  • Tätä visaa on pelattu 1 110 kertaa
    460 viimeisimmän päivityksen jälkeen
  • Keskiarvotulos 36 / 82
Vastaustilastot
Vastaus % Oikein
Karhu
99%
Hirvi
97%
Peura
96%
Susi
96%
Kettu
95%
Ilves
90%
Metsähiiri
88%
Metsäkauris
86%
Lumikko
85%
Ahma
84%
Metsäjänis
82%
Isorotta
80%
Metsämyyrä
80%
Rusakko
79%
Näätä
77%
Orava
77%
Kärppä
74%
Valkohäntäpeura
74%
Saukko
72%
Euroopanmajava
71%
Naali
71%
Supikoira
70%
Mäyrä
69%
Metsäpäästäinen
67%
Minkki
67%
Villisika
61%
Norppa
58%
Liito-orava
56%
Peltohiiri
55%
Harmaahylje
54%
Metsäsopuli
54%
Pohjanlepakko
54%
Siili
52%
Kontiainen
50%
Peltomyyrä
50%
Hilleri
48%
Piisami
44%
Vesikko
44%
Kaniini
42%
Kanadanmajava
37%
Kotihiiri
37%
Tunturisopuli
37%
Vesimyyrä
36%
Kuusipeura
33%
Mursu
33%
Ryhävalas
33%
Saksanhirvi
33%
Delfiini
31%
Ihminen
27%
Kultasakaali
27%
Mustarotta
27%
Pyöriäinen
27%
Vaivaishiiri
25%
Viiksisiippa
24%
Isolepakko
20%
Maitovalas
20%
Mufloni
20%
Vesipäästäinen
19%
Vesisiippa
19%
Koivuhiiri
18%
Pikkulepakko
18%
Tammihiiri
18%
Kääpiöpäästäinen
17%
Harmaakuvemyyrä
16%
Korvayökkö
16%
Lapinmyyrä
16%
Vaivaispäästäinen
16%
Punamyyrä
15%
Kenttämyyrä
14%
Kirjohylje
14%
Etelänlepakko
13%
Lahtivalas
13%
Pullokuonodelfiini
13%
Lampisiippa
12%
Mustapäästäinen
12%
Ripsisiippa
12%
Idänkenttämyyrä
11%
Idänpäästäinen
11%
Isoviiksisiippa
11%
Kääpiölepakko
10%
Kimolepakko
10%
Vaivaislepakko
9%
Ehtoja vastaavia visoja ei löytynyt
Tulosjakauma
Jokaisen tuloksen saaneiden osuus
Persentiili vastausten määrän mukaan
Tuloshistoriasi
Et ole pelannut tätä visaa sen viimeisimmän päivityksen jälkeen